zpět

Detail výsledku týmu

Záložna ST, Pardubice

Datum a čas kvízu

26 Celkem bodů Celkový počet nahraných bodů na tomto kvízu bez doplňovacích otázek.
12. Pořadí na kvízu Konečné umístění týmu na tomto kvízu.

Zaznamenané odpovědi

# Otázka Odpověď Body Výsledky
1. Jak se jmenuje funkcionář, jem... Josef Středula 1
2. Maďarsko podepsalo s jednou ze... Číny 0
3. Frontman jedné úspěšné britské... Dakota Johnson, Chris Martin 0
4. Od středy minulého týdne je za... HHC 1
5. Velmi kuriózní situace nastala... Buffalo (Sabres), Edmonton (Oilers) 0
6. Začneme prvním českým králem p... Rudolf (I. Habsburský) 0
7. Další „slavnou“ prohrou, která... stoletá válka 1
8. V bitvě u Lipan, kterou řadí m... Jan Roháč (z Dubé) 1
9. Bitva na Bílé hoře v roce 1620... D) 2 hodiny 1
10. Mnichovská dohoda je typickým... appeasement 0